|
|
|
|
| LEADER |
00000naa2a2200000 4500 |
| 001 |
494034 |
| 005 |
20231101100515.0 |
| 035 |
|
|
|a (RuTPU)RU\TPU\prd\163537
|
| 035 |
|
|
|a RU\TPU\prd\76952
|
| 090 |
|
|
|a 494034
|
| 100 |
|
|
|a 20121220a1985 k y0rusy50 ca
|
| 101 |
0 |
|
|a rus
|
| 102 |
|
|
|a RU
|
| 200 |
1 |
|
|a Функция Грина обобщенного уравнения Дирака для поля плоской электромагнитной и продольной электрических волн
|f П. В. Строков, Г. Н. Флешер
|
| 461 |
|
0 |
|0 (RuTPU)RU\TPU\prd\191
|t Известия вузов. Физика
|f Министерство высшего и среднего специального образования СССР
|d 1957-
|
| 463 |
|
0 |
|0 (RuTPU)RU\TPU\prd\76950
|t т. 28, № 1
|v с. 42-45
|d 1985
|
| 610 |
1 |
|
|a функция Грина
|
| 610 |
1 |
|
|a уравнение Дирака
|
| 610 |
1 |
|
|a поля
|
| 610 |
1 |
|
|a электрические волны
|
| 610 |
1 |
|
|a обобщенные уравнения
|
| 610 |
1 |
|
|a электромагнитные волны
|
| 610 |
1 |
|
|a продольный волны
|
| 610 |
1 |
|
|a труды учёных ТПУ
|
| 700 |
|
1 |
|a Строков
|b П. В.
|
| 701 |
|
1 |
|a Флешер
|b Г. Н.
|
| 801 |
|
1 |
|a RU
|b 63413507
|c 20050627
|g PSBO
|
| 801 |
|
2 |
|a RU
|b 63413507
|c 20121220
|g PSBO
|
| 942 |
|
|
|c BK
|